how to Get Shuttleless Weaving (Record no. 3421)
[ view plain ]
| 000 -LEADER | |
|---|---|
| fixed length control field | 00338nam a2200133Ia 4500 |
| 008 - FIXED-LENGTH DATA ELEMENTS--GENERAL INFORMATION | |
| fixed length control field | 191201s2004 xx 000 0 und d |
| 082 ## - DEWEY DECIMAL CLASSIFICATION NUMBER | |
| Classification number | 677.028242 |
| Item number | CHH |
| 100 ## - MAIN ENTRY--PERSONAL NAME | |
| Personal name | CHALKE, V S |
| 245 #0 - TITLE STATEMENT | |
| Title | how to Get Shuttleless Weaving |
| 260 ## - PUBLICATION, DISTRIBUTION, ETC. (IMPRINT) | |
| Place of publication, distribution, etc | N.Delhi |
| Name of publisher, distributor, etc | The Textile Association |
| Date of publication, distribution, etc | 2004 |
| 300 ## - PHYSICAL DESCRIPTION | |
| Extent | - |
| 650 ## - SUBJECT ADDED ENTRY--TOPICAL TERM | |
| Topical term or geographic name as entry element | B.Tech(TE) |
| 942 ## - ADDED ENTRY ELEMENTS (KOHA) | |
| Source of classification or shelving scheme | Dewey Decimal Classification |
| Koha item type | Text Books |
| Withdrawn status | Lost status | Source of classification or shelving scheme | Damaged status | Not for loan | Collection code | Home library | Current library | Date acquired | Source of acquisition | Cost, normal purchase price | Bill Number | Total Checkouts | Full call number | Acc. no. / Barcode | Date last seen | Bill Date | Koha item type | Date last borrowed |
|---|---|---|---|---|---|---|---|---|---|---|---|---|---|---|---|---|---|---|
| Dewey Decimal Classification | B.Tech(TE) | PIET C-LIBRARY | PIET C-LIBRARY | 31/03/2008 | Technical Book | 150.00 | TBS/4006 | 677.028242 CHH | 8791 | 04/12/2019 | 11/03/2008 | Text Books | ||||||
| Dewey Decimal Classification | B.Tech(TE) | PIET C-LIBRARY | PIET C-LIBRARY | 31/03/2008 | Technical Book | 150.00 | TBS/4006 | 677.028242 CHH | 8792 | 04/12/2019 | 11/03/2008 | Text Books | ||||||
| Dewey Decimal Classification | B.Tech(TE) | PIET C-LIBRARY | PIET C-LIBRARY | 31/03/2008 | Technical Book | 150.00 | TBS/4006 | 1 | 677.028242 CHH | 8793 | 30/11/2023 | 11/03/2008 | Text Books | 31/08/2023 | ||||
| Dewey Decimal Classification | B.Tech(TE) | PIET C-LIBRARY | PIET C-LIBRARY | 31/03/2008 | Technical Book | 150.00 | TBS/4006 | 677.028242 CHH | 8794 | 04/12/2019 | 11/03/2008 | Text Books | ||||||
| Dewey Decimal Classification | B.Tech(TE) | PIET C-LIBRARY | PIET C-LIBRARY | 31/03/2008 | Technical Book | 150.00 | TBS/4006 | 677.028242 CHH | 8795 | 04/12/2019 | 11/03/2008 | Text Books |